000 01689nam a2200385 i 4500
003 DO-SdBNP
005 20250414085641.0
007 ta
008 250220b2024 dr acd|| |||| 00| 0 spa d
020 _a9789945598261
040 _aDo-SdBNP
_bspa
_cBNPHU
_erda
041 _aspa
082 4 _a027.1
_bC697b
_222
100 1 _aCollado, Sabrina,
_d1979-
_eautor
_4aut.
_987000
245 1 0 _aBiblioteca Alejandro Herrera Rodríguez :
_baproximaciones a la automatización de una biblioteca privada o particular /
_cSabrina Collado ; prólogo, Reynaldo R. Espinal ; presentación, Alejandro Herrera Rodríguez
250 _aPrimera edición
264 1 _aSanto Domingo :
_bEditorial Argos,
_c2024.
300 _a205 páginas :
_bilustraciones, retratos y gráficos ;
_c22 cm.
336 _atexto
_btxt
_2rdacontent
337 _asin mediación
_bn
_2rdamedia
338 _avolumen
_bnc
_2rdacarrier
500 _aIncluye referencias bibliográficas y notas al pie de las páginas
500 _aIncluye datos biográficos en las páginas 204-205
504 _aBibliografía : páginas 199-203
590 _aInventariado, 2025/BT
590 _aLa biblioteca posee 1 ejemplares autografiados por la autora.
610 2 4 _aBiblioteca Alejandro Herrera Rodríguez
_987003
650 7 _aBibliotecas particulares
_zRepública Dominicana
_987001
650 7 _aAdministración de bibliotecas
_zRepública Dominicana
_987004
650 7 _aAutomatización de bibliotecas
_943194
700 1 _aEspinal, Reynaldo R.,
_eprologuista
_4pr.
_987002
700 1 _aHerrera Rodríguez, Alejandro,
_epresentación
_4pr.
_983543
910 _aBtavárez./Validado. Control de calidad MFF
942 _2ddc
_cLBS1
999 _c58153
_d58153